Airports served by EasyJet Quiz Stats

 Plays Quiz not verified by Sporcle

Challenge
Share
Tweet
Embed
Score 0/126 Timer 12:00
0 Plays Today
Airport % Correct
London Gatwick
95.9%
London Luton
93.6%
Paris Charles de Gaulle
90.9%
London Stansted
90.1%
Madrid
88.7%
Glasgow
88.7%
Rome Fiumicino
88.4%
Barcelona
88.4%
Edinburgh
88.1%
Paris Orly
87%
Manchester
87%
London Southend
84.3%
Milan Malpensa
83.7%
Berlin Schonefeld
81.8%
Milan Linate
81.8%
Rome Ciampino
81.8%
Belfast International
81.2%
Liverpool
80.4%
Nice
79.8%
Amsterdam
79.8%
Munich
79.3%
Lisbon
78.5%
Athens
77.1%
Venice
77.1%
Palma de Mallorca
77.1%
Geneva
76.5%
Brussels
76%
Copenhagen
74.9%
Bari
74.6%
Malaga
74.6%
Aberdeen
74.3%
Birmingham
73.2%
Hamburg
72.9%
Bristol
72.4%
Newcastle
72.4%
Zurich
72.1%
Vienna
70.4%
Stockholm Arlanda
69.9%
Marseille
68.5%
Naples
68.5%
Tenerife South
68.5%
Lyon
68.2%
Airport % Correct
Budapest
67.7%
Bordeaux
67.1%
Ibiza
67.1%
Prague
66.6%
Porto
66.6%
Alicante
66%
Faro
65.5%
Dusseldorf
65.2%
Leeds Bradford
63.3%
Bucharest Otopeni
62.7%
Gran Canaria
62.2%
Toulouse
61.6%
Heraklion
61%
Seville
60.8%
Valencia
60.8%
Inverness
60.8%
Cologne Bonn
59.4%
Lanzarote
58.8%
Malta
58.6%
Krakow
58%
Zagreb
57.7%
Basel
57.7%
Bilbao
57.2%
Istanbul Sabiha Gokcen
56.4%
Sofia
55.8%
Corfu
55.2%
Jersey
55.2%
Pisa
54.7%
Menorca
54.1%
Larnaca
53.3%
Dubrovnik
53.3%
Tel Aviv
51.7%
Rhodes
51.4%
Split
51.1%
Bologna
51.1%
Salzburg
50.8%
Nantes
50.8%
Palermo
50.6%
Marrakech
48.1%
Tallinn
47%
Innsbruck
46.7%
Catania
46.1%
Airport % Correct
Thessaloniki
45.9%
Antalya
45.3%
Gothenburg Landvetter
44.8%
Funchal
44.2%
Cagliari
43.4%
Sharm el-Sheikh
42.8%
Bournemouth
42.3%
Isle of Man
42.3%
Casablanca
42%
Verona
40.6%
Fuerteventura
40.3%
Dortmund
40.1%
Bodrum
39.5%
Almeria
39.5%
Izmir
39%
Murcia San Javier
39%
Montpellier
38.4%
Paphos
38.1%
Dalaman
37.8%
Ljubljana
37.8%
Gibraltar
34%
Brest
33.4%
Hurghada
32%
Grenoble
31.8%
Zakynthos
31.2%
Ajaccio
30.9%
Santorini
30.4%
Bastia
29.8%
Fes
28.7%
Amman
28.2%
Mykonos
28.2%
Agadir
27.3%
Olbia
26.5%
La Rochelle
23.8%
Brindisi
23.5%
Luxor
21.8%
Tangier
21.3%
Biarritz
20.7%
Asturias
18.2%
Pristina
18%
Lamezia Terme
16%
Rimini
15.2%

You're not logged in!

Compare scores with friends on all Sporcle quizzes.
OR
Log In

You Might Also Like...

Show Comments

Extras

Created Aug 28, 2011ReportNominate
Tags:airport, served

Top Quizzes Today


Score Distribution

Your Account Isn't Verified!

In order to create a playlist on Sporcle, you need to verify the email address you used during registration. Go to your Sporcle Settings to finish the process.

Report this User

Report this user for behavior that violates our Community Guidelines.

Details: